Datum a čas kvízu
11
Celkem bodů
Celkový počet nahraných bodů na tomto kvízu bez doplňovacích otázek.
4.
Pořadí na kvízu
Konečné umístění týmu na tomto kvízu.
Zaznamenané odpovědi
| # | Otázka | Odpověď | Body | Výsledky |
|---|---|---|---|---|
| 1. | Minulý týden jsme se dozvěděli... | Královská opera/ Royal Opera | 0 | |
| 2. | Jistá evropská metropole se ro... | Berlín | 0 | |
| 3. | Fanouškům v pražské O<sub>2</s... | 50 Cent | 0 | |
| 4. | Jeden z nejznámějších snímků d... | D) Sloupy stvoření | 0 | |
| 5. | Sedmatřicetiletá česká tenistk... | Lucie Hradecká | 0 | |
| 6. | Ve výběru tohoto tématu na vás... | FK Teplice | 0 | |
| 7. | Snímek Padesát odstínů šedi vz... | Stmívání (Twilight) | 0 | |
| 8. | Bílá nemoc je české protiváleč... | Galén, Hugo Haas | 0 | |
| 9. | Napište název snímku režiséra... | Rudá volavka (Red Sparrow) | 0 | |
| 10. | Černá kočka, bílý kocour je bl... | Emir Kusturica | 0 |